| 000 | 00478nam a22001817a 4500 | ||
|---|---|---|---|
| 008 | 230630b |||||||| |||| 00| 0 eng d | ||
| 020 | _a9789350641835 | ||
| 040 |
_aNational Science Library _cNational Science Library |
||
| 080 |
_a82-313.1JOS _bQ6 |
||
| 100 | _aJoshi, Sharad | ||
| 245 | _aतिलस्म | ||
| 246 | _aTilsm | ||
| 260 |
_aNew Delhi: _bRajpal & Sons, _c2016 |
||
| 300 | _a135p. | ||
| 650 | _aLiterature | ||
| 653 | _aStory | ||
| 942 |
_2udc _cHBK |
||
| 999 |
_c48512 _d48512 |
||